Network by Slogan Quiz Stats

 Plays Quiz Updated Feb 3, 2019

Support Sporcle.
Go Orange.
Score 0/40 Timer 10:00
1 Play Today
Slogan Network % Correct
We Know DramaTNT
79.7%
History Made Every DayHistory Channel
66%
The Worldwide Leader in SportsESPN
63.4%
Very FunnyTBS
63.3%
Characters WelcomeUSA
62.3%
The Most Trusted Name in NewsCNN
53.4%
A New Kind of FamilyABC Family
50%
Same Planet. Different World.Animal Planet
43.8%
A Little Brit DifferentBBC America
39.2%
The Place for PoliticsMSNBC
31.3%
Fair & BalancedFox News
31.3%
Watch What HappensBravo
25.3%
Quality. Value. Convenience.QVC
25.1%
Movies For Movie LoversThe Movie Channel
21.2%
The World Is Just AwesomeDiscovery
19.2%
Not Reality. Actuality.truTV
19%
Start At HomeHGTV
17.6%
First In Business WorldwideCNBC
16.8%
Tu CanalTelemundo
16.7%
Live Out LoudOxygen
16.1%
Slogan Network % Correct
Dare to ExploreNat Geo
14.2%
Chime InNBC
12.5%
Real Life. Drama.A&E
11.6%
Play Every DayGSN
11.5%
Life SurprisesTLC
11.2%
Here for the TV GenerationTV Land
10.6%
There Is No BoxFX
10.1%
Start HereABC
8.4%
Story Matters HereAMC
7.3%
Imagine GreaterSyFy
7.3%
Positively EntertainingION
5.8%
TV To Talk AboutCW
5%
Watch and DiscussVH1
4.5%
True Story.The Biography Channel
3.8%
News and ViewsHLN
3.4%
Connect. Play. Share.Lifetime
2.6%
Be Moreā€¦PBS
1.9%
Catch ItTravel Channel
1.9%
Make Yourself At HomeHallmark Channel
1.2%
Just A ProgramBET
0.9%

From the Vault

5-Letter Disney Characters

by timschurz

Movies 4m
At least you won't have to find Nemo.
Remove Ads.
Support Sporcle.
Get the best of Sporcle when you Go Orange. This ad-free experience offers more features, more stats, and more fun while also helping to support Sporcle. Thank you for becoming a member.

Show Comments

Extras

Top Quizzes Today


Score Distribution

Your Account Isn't Verified!

In order to create a playlist on Sporcle, you need to verify the email address you used during registration. Go to your Sporcle Settings to finish the process.

Report this User

Report this user for behavior that violates our Community Guidelines.

Details: